000 00690nam a22001697a 4500
999 _c523529
_d523529
003 NUST
005 20190402070805.0
008 190402b ||||| |||| 00| 0 eng d
038 _aASAB
082 _aThesis 2012
100 _aQazi Laeeque Ahmed-sup-Dr. Sobia Manzoor
_914057
245 _aTh-MS-Mechanistic study of interaction between HCV and host Genes involved in ER stress and insulin resistance
_cby Qazi Laeeque Ahmed-sup-Dr. Sobia Manzoor
260 _aIslamabad,
_bAtta Ur Rahman School of applied biosciences NUST.
_c2012.
300 _a74 P. ;
630 _aHealthcare Biotechnology
_tHCV and host genes involved in ER stress and insulin resistance.
_914058
942 _2ddc
_cTHE